00720nam a2200229Ia 4500003000400000005001700004008004100021020002200062040000700084041000800091082001700099100002600116245004100142260003200183300001700215365001400232650003300246906004200279942001200321999001900333952013800352OSt20230529105041.0210423s2013 xx 000 0 und d a978-93-83096-13-8 cAL aeng a658.403 SHAA aSHAH (Rupali)9115689 aApplications of knowledge management aJaipurbHorizon Pressc2013 aviii,304bHB b1695cINR aExecutive Management9115690 aApplications ; knowledge ; management 2ddccBK c168289d168289 001040708MCOMaSACPGbSACPGd2017-02-13eIntact Bookhouseg1695.00l0o658.403 SHAApPG014791r2022-08-24 00:00:00w2021-04-26yBK